Reality

Realitný trh na Slovensku. Financovanie. Administratívne priestory. Lízing. Zahraniční investori. Realitný trh vo svete.

Salvato in:
Dettagli Bibliografici
Natura: Capitolo di libro
Lingua:slovacco
Soggetti:
Tags: Aggiungi Tag
Nessun Tag, puoi essere il primo ad aggiungerne!!

MARC

LEADER 00000naa$a2200000$$$4500
001 0008736
005 20231009074524.4
041 0 |a slo 
044 |a SK 
245 1 0 |a Reality 
520 |a Realitný trh na Slovensku. Financovanie. Administratívne priestory. Lízing. Zahraniční investori. Realitný trh vo svete. 
610 2 0 |a nehnuteľnosti 
610 2 0 |a trh 
610 2 0 |a financovanie 
610 2 0 |a administratíva 
610 2 0 |a lízing 
610 2 0 |a investície zahraničné 
610 2 0 |a Slovensko 
610 2 0 |a svet